Reconceptualising Agency and Childhood (Record no. 28278)

MARC details
000 -LEADER
fixed length control field 00531nam a2200109Ia 4500
008 - FIXED-LENGTH DATA ELEMENTS--GENERAL INFORMATION
fixed length control field 220620s9999||||xx |||||||||||||| ||und||
245 #0 - TITLE STATEMENT
Title Reconceptualising Agency and Childhood
Remainder of title New perspectives in Childhood Studies
546 ## - LANGUAGE NOTE
Language note English[eng]
650 ## - SUBJECT ADDED ENTRY--TOPICAL TERM
Topical term or geographic name entry element agency||Beatrice Hungerland||childhood||developmental psychology||education||Florian Esser||family studies||Meike Baader||social work||sociology||sociology of childhood||Tanja Betz
700 ## - ADDED ENTRY--PERSONAL NAME
Personal name Esser, Florian||Baader, Meike S.||Betz, Tanja||Hungerland, Beatrice
942 ## - ADDED ENTRY ELEMENTS (KOHA)
Koha item type E-Books
Holdings
Withdrawn status Lost status Damaged status Not for loan Home library Current library Date acquired Total Checkouts Date last seen Price effective from Koha item type
        Kerala University of Digital Sciences, Innovation and Technology Knowledge Centre Kerala University of Digital Sciences, Innovation and Technology Knowledge Centre 20/06/2022   20/06/2022 20/06/2022 E-Books